[Event "Paterna Chess in a Rook 3rd"]
[Site "Paterna"]
[Date "2022.05.15"]
[Round "3"]
[White "Garcia De la Calera Molina, Emil"]
[Black "Krasteva, Beloslava"]
[Result "1/2-1/2"]
[WhiteElo "1634"]
[BlackElo "2268"]
[PlyCount "158"]
[EventDate "2022.05.15"]
[EventType "tourn (blitz)"]
[EventRounds "3"]
[EventCountry "ESP"]
[SourceTitle "CBM 208 Extra"]
[Source "ChessBase"]
[SourceDate "2022.07.31"]
[SourceVersion "1"]
[SourceVersionDate "2022.07.31"]
[SourceQuality "1"]

1. d4 Nf6 2. c4 e6 3. Nc3 Bb4 4. Qc2 c5 5. dxc5 0-0 6. Nf3 Na6 7. a3 Bxc3+ 8. Qxc3 Nxc5 9. e3 d5 10. b3 b6 11. Bb2 Ba6 12. Rd1 Nce4 13. Qc1 Rc8 14. Be2 Qe7 15. 0-0 dxc4 16. bxc4 b5 17. Qa1 bxc4 18. Ne5 Qc7 19. Bd4 Qa5 20. f3 Nd6 21. Bc3 Qb6 22. Bd4 Qc7 23. Rc1 Nd5 24. Rc2 f6 25. Nxc4 Bxc4 26. Rfc1 Nb6 27. Bxb6 Qxb6 28. Bxc4 Qxe3+ 29. Kh1 Nxc4 30. Rxc4 Rxc4 31. Rxc4 Rd8 32. Re4 Qb3 33. Re1 e5 34. Qc1 a5 35. h3 a4 36. Qc7 Qd5 37. Rc1 h6 38. Qa7 Qd4 39. Qe7 Rd7 40. Qe6+ Kh7 41. Rc8 Qd3 42. Qg8+ Kg6 43. Qe8+ Kh7 44. Qg8+ Kg6 45. Qe8+ Kg5 46. Qe6 h5 47. Rc4 Qf5 48. h4+ Kg6 49. Qe8+ Kh6 50. Qh8+ Qh7 51. Qe8 Rd1+ 52. Kh2 Qf5 53. Qh8+ Kg6 54. Qe8+ Kh7 55. Qxa4 Rd2 56. Qc6 Qd3 57. a4 Qe2 58. Qe4+ Qxe4 59. Rxe4 Ra2 60. Rb4 Kg6 61. Kg3 Kf5 62. Rb7 g5 63. hxg5 fxg5 64. Rf7+ Ke6 65. Ra7 h4+ 66. Kh3 Kf5 67. Rf7+ Ke6 68. Ra7 Kd5 69. Rg7 g4+ 70. Rxg4 Kd6 71. Kxh4 Kd5 72. Re4 Rxg2 73. Kh3 Ra2 74. Kg3 Ra3 75. Kg4 Kd6 76. Rb4 Kc5 77. Re4 Kd5 78. Rb4 Kc5 79. Re4 Kd5 1/2-1/2